'I'-Less European Capitals Quiz Stats

Quiz Updated Jun 5, 2013

Challenge
Share
Tweet
Embed
Score 0/25 Timer 03:00
0 Plays Today
% Correct
London
96.5%
Rome
92.6%
Oslo
90.6%
Moscow
85.9%
Stockholm
85.2%
Athens
84.9%
Warsaw
80.8%
Amsterdam
80.2%
Bern
79.1%
Copenhagen
78.7%
Brussels
78.6%
Budapest
76.8%
Prague
75.1%
% Correct
Bucharest
69.7%
Luxembourg
67.4%
Monaco
65.4%
Ankara
63.6%
Zagreb
59.5%
Sarajevo
54.8%
Andorra La Vella
53.6%
Belgrade
52.9%
Vaduz
52.5%
Valletta
50.8%
Skopje
44.7%
Ljubljana
39.3%

You're not logged in!

Compare scores with friends on all Sporcle quizzes.
Join for Free
OR
Log In

You Might Also Like...

Show Comments

Extras

Top Quizzes Today


Score Distribution

Your Account Isn't Verified!

In order to create a playlist on Sporcle, you need to verify the email address you used during registration. Go to your Sporcle Settings to finish the process.

Report this User

Report this user for behavior that violates our Community Guidelines.

Details: